Click Countries Of Oceania (2) On A Map - Sudden Death - Statistics

General Stats
  • This quiz has been taken 21 times
  • The average score is 10 of 16
Answers on the Map
Answers color-coded by a green-red scale on the quiz's map according to % correct below.
 
Answer Stats
Answer % Correct
Australia
85%
New Zealand
69%
Fiji
62%
French Polynesia
62%
Kiribati
62%
New Caledonia
62%
Papua New Guinea
62%
Solomon Islands
62%
Tuvalu
62%
Vanuatu
62%
F. S. Micronesia
54%
Marshall Islands
54%
Nauru
54%
Palau
54%
Samoa
54%
Tonga
54%
No matching quizzes found
Score Distribution
Percent of People with Each Score
Percentile by Number Answered
Your Score History
You have not taken this quiz